Statistics for Assassination Classroom Characters in Alphabetical Order

Click here to take the quiz!

General Stats

  • This quiz has been taken 59 times
  • The average score is 23 of 47

Answer Stats

HintAnswer% Correct
AdultIrina
98%
3EKarma
98%
3ENagisa
95%
AdultKoro Sensei
93%
AdultKarasuma
93%
Adult | StudentAsano
84%
3EIsogai
84%
3ENakamura
82%
3EOkuda
80%
3ETerasaka
80%
3ESugino
77%
3EItona
77%
3EChiba
73%
3EKayano
70%
3ERitsu
64%
3EMaehara
59%
3EKanzaki
52%
3EOkajima
52%
AdultTakaoka
52%
3EKataoka
50%
3EKimura
50%
3EHayami
50%
3EYoshida
50%
3EYada
48%
3EFuwa
45%
StudentRen
45%
3EKurahashi
43%
3EMuramatsu
43%
3EHara
43%
3ETakebayashi
39%
3EHazama
39%
3ESugaya
36%
3EMimura
36%
AdultShiro
32%
AdultYukimura
20%
AdultLovro
18%
AdultSmog
16%
AdultRed Eye
16%
StudentShindo
14%
StudentTeppei
14%
StudentTomoya
14%
AdultGrip
14%
StudentNatsuhiko
11%
AdultGastro
7%
AdultHiromi
5%
AdultHoujou
0%

Score Distribution

Percentile by Number Answered

Percent of People with Each Score

Your Score History

You have not taken this quiz